| 000 | 01712nam0a22003251 4500 | ||
|---|---|---|---|
| 001 | rc\584380 | ||
| 005 | 20260531084257.0 | ||
| 021 |
_aRU _b88-39841 |
||
| 035 | _a(NLR Aleph) 005831526 | ||
| 090 |
_a5585303 _c5585303 |
||
| 100 | _a20031121d1987 |||y0rusy50 ca | ||
| 101 | 0 | _arus | |
| 102 | _aRU | ||
| 105 | _aa j|||||||| | ||
| 200 | 1 |
_aГеодезическое инструментоведение _eучебное пособие _eдля слушателей факультетов повышения квалификации преподавателей _fД.В. Окунев, Х.К. Ямбаев _gМ-во высш. и сред. спец. образования РСФСР, Моск. ин-т инженеров геодезии, аэрофотосъемки и картографии |
|
| 210 |
_aМосква _cМИИГАиК _d1987 |
||
| 215 |
_a83 с. _cил. _d20 |
||
| 320 | _aБиблиогр.: с. 81 | ||
| 606 | 1 |
_aГеодезические инструменты _jУчебные издания для высших учебных заведений _9952889 _3RU\NLR\AUTH\6635705 |
|
| 686 | 0 |
_aД1с5я73 _2rubbk |
|
| 700 | 1 |
_aОкунев _bД. В. _cканд. техн. наук, геодезия _gДмитрий Викторович _9185144 _3RU\NLR\AUTH\770185195 |
|
| 701 | 1 |
_aЯмбаев _bХ.К. _gХарьес Каюмович |
|
| 712 | 0 | 2 |
_4650 _aМосковский институт инженеров геодезии, аэрофотосъемки и картографии _9415667 _3RU\NLR\AUTH\889959731 |
| 801 | 0 |
_aRU _bNLR _gpsbo |
|
| 801 | 1 |
_aRU _bELAR _2rusmarc |
|
| 801 | 2 |
_aRU _bNLR _c20180222 _2rusmarc |
|
| 852 |
_aNLR _j88-4/26559 |
||
| 942 | _cBOOK | ||
| 980 | _aNB | ||